000 00911nam a22002537a 4500
001 200427570
999 _c200427570
_d45494
003 TR-AnTOB
005 20240810073814.0
008 171010b xxu||||| |||| 00| 0 tur d
040 _aTR-AnTOB
_beng
_cTR-AnTOB
_erda
041 _atur
050 _aHC495.P83
_bD48 2017
090 _aHC495.P83
_bD48 2017
110 _aT.C. Kalkınma Bakanlığı
_9106635
245 _a2017 Yılı Yatırım Programı :
_bKamu Yatırımlarının İllere Göre Dağılımı /
_cYatırım Programlama, İzleme ve Değerlendirme Müdürlüğü.
264 _aAnkara :
_bYatırım Programlama, İzleme ve Değerlendirme Müdürlüğü
_c2017.
300 _a490 pages :
_bmainly charts ;
_c28 cm
336 _2rdacontent
_atext
337 _2rdamedia
_aunmediated
338 _2rdacarrier
_avolume
650 0 _aPublic investments
_zTurkey
_vStatistics
_970831
942 _2lcc
_cBK